Normal view
MARC view
Entry Personal Name
001 - CONTROL NUMBER
- control field: 70653
003 - CONTROL NUMBER IDENTIFIER
- control field:
005 - DATE AND TIME OF LATEST TRANSACTION
- control field: 20260525063709.0
008 - FIXED-LENGTH DATA ELEMENTS
- fixed length control field: 260525|| aca||aabn | a|a d
040 ## - CATALOGING SOURCE
- Original cataloging agency:
- Transcribing agency:
100 ## - HEADING--PERSONAL NAME
- Personal name: EGBUCHULAM, Ngozi
670 ## - SOURCE DATA FOUND
- Source citation: Work cat.: ()34687: EGBUCHULAM, Ngozi aut, The story i never told :, [2026?]
